| 000 | 00528nam a2200145 a 4500 | ||
|---|---|---|---|
| 008 | 120416s1977 ||||||||||||||||| || u | ||
| 050 | _aQE 501.4.N9 Fau | ||
| 100 | _aFaure, Gunter | ||
| 245 | 1 | 0 | _aPrinciples of isotope geology |
| 260 |
_aNew York _bJohn Wiley and Sons _c1977 |
||
| 300 | _axii, 464p. | ||
| 350 | _a0.00 | ||
| 650 | _aISOTOPE GEOLOGY | ||
| 995 |
_D0.00 _FCBU-MAIN LIBRARY (Kitwe) _H1 _I14.30 _M1 _UAVAILABLE _WMar 16, 2007 _ZAnnex Low-Usage Collection |
||
| 999 |
_c54587 _d54587 |
||